| 000 | 00809nam a22002535a 4500 | ||
|---|---|---|---|
| 005 | 20161119112752.0 | ||
| 008 | 161031t2015 njua frb 001 0 eng d | ||
| 020 | _a9789814696647 | ||
| 040 |
_aEG-ScBUE _beng _cEG-ScBUE _dEG-ScBUE |
||
| 082 | 0 | 4 |
_a006.7 _bWIC _222 |
| 100 | 1 | _aWichert, Andreas. | |
| 245 | 1 | 0 |
_aIntelligent big multimedia databases / _cAndreas Wichert. |
| 260 |
_aNew Jersey : _bWorld Scientific, _cc.2015. |
||
| 300 |
_axvi, 305 p. : _bill. ; _c24 cm. |
||
| 500 | _aIndex : p. 301-305. | ||
| 504 | _aBibliography : p. 291-299. | ||
| 590 | _aSuzan Ashmawy ; revised by Fouad. | ||
| 650 | 7 |
_aMultimedia Systems. _2BUEsh |
|
| 650 | 7 |
_aDigital Media. _2BUEsh |
|
| 650 | 7 |
_aDatabases. _xAbstracting and indexing. _2BUEsh |
|
| 651 | _2BUEsh | ||
| 653 |
_bCOMSCI _cOctober2016 |
||
| 942 | _2ddc | ||
| 999 |
_c22937 _d22909 |
||